00889 a2200229 45000010006000000050017000060080041000230030015000640400040000790800130001192450046002490200022002952640029003173000019003460410008003659420007003735900036003801000021004168560099004379990015005369520108005514812520260407155748.0260407a2012 arg spa dAR-UNSa-BCEJYS aAR-UNSa-BCEJYSbspacAR-UNSa-BCEJYS a658.01xMetodología. Teoría y práctica de la organización( teoria de la organización, análisis organizacional...)10aLa estructuración de las organizaciones a978-84-344-0541-7 1aBarcelona :bArielc2012 a561 p.c24 cm. aspa cBK aniveau_biblio:m niveau_hierar:01 aMintzberg, Henry41uhttps://www.biblioeco.unsa.edu.ar/pmb/images/libros/L127878.jpgyImagen de portadaqimage/jpeg c4564d4564 00104070aBCEJYSbBCEJYSc16d2026-04-07l0o658.01 M667pL127878r2026-04-07 15:57:48w2026-04-07yL